Economía y desarrollo urbano en Centroamérica. Industria y comercio /

Guardado en:
書目詳細資料
主要作者: Lungo Uclés, Mario
其他作者: coord, Polése, Mario
格式: 未知
出版: San José: FLACSO. Programa Costa Rica
主題:
標簽: 添加標簽
沒有標簽, 成為第一個標記此記錄!

MARC

LEADER 00000 a2200000 04500
001 11807
003
008 991231s d
040
090 |a 140803  
100 |a Lungo Uclés, Mario  
245 |a Economía y desarrollo urbano en Centroamérica. Industria y comercio /  |c Mario Lungo Uclés 
260 |a San José:   |b FLACSO. Programa Costa Rica  
300 |a 270 p.  
650 |a MERCADOS  
650 |a ACCESO A LOS MERCADOS  
650 |a DESARROLLO URBANO  
650 |a ECONOMIA URBANA  
650 |a EMPLEO  
650 |a CREACION DE EMPLEO  
700 |a coord  
700 |a Polése, Mario  
700 |a coord  
999 |c 12462  |d 12462